| 000 | 00749nam a2200241 i 4500 | ||
|---|---|---|---|
| 999 |
_c47999 _d47999 |
||
| 001 | BINCO | ||
| 003 | CO-MdBIC | ||
| 005 | 20200319145128.0 | ||
| 008 | 200319t1975 us a||ad |||| 00| f eng d | ||
| 020 | _a0-380-00255-8 | ||
| 040 |
_aCO-MdBIC _bspa. _cCO-MdBIC _dCO-MdBIC |
||
| 041 | _aeng | ||
| 082 | 0 | 4 |
_a803C _222 _bW67v |
| 100 | 1 |
_aWilliams, Margery _tThe Velveteen Rabbit |
|
| 245 | 1 | 0 |
_aThe Velveteen Rabbit _c/ Margery Williams ; William Nicholson ; Avon Camelot |
| 250 | _aAvon Camelot | ||
| 264 |
_aNew York : _bAvon Books _c©1975 |
||
| 300 |
_a[40 páginas] : _bIlustración a color , _c15 cm. |
||
| 650 | 1 | 4 | _aLiteratura Infantil |
| 700 |
_aWilliams, Margery _eEscritor |
||
| 700 |
_aNicholoom, William _eIlustrador |
||
| 942 | _cLGB | ||